000 00603nam a2200217Ia 4500
005 20250508164118.0
008 008 250505s9999 xx 000 0 eng d
020 _a0-8264-5115-2
037 _aReference
040 _aFEDL
_beng
_cFEDL
041 _aeng
_2eng
084 _a371.102, POL
_qFEDL
100 _aPollard Andrew Ed.
_9279522
245 0 _aReadings for reflective teaching
260 _aLondon, UK
_bContinuum
_c2002
300 _axvi,416p
365 _aGBP
_b19.99
650 _aReflective teaching
_9776761
942 _cREF
_h371.102, POL
999 _c1387110
_d1387110